| 000 | 00504nam a2200169Ia 4500 | ||
|---|---|---|---|
| 999 |
_c12207 _d12207 |
||
| 003 | OSt | ||
| 005 | 20201005095518.0 | ||
| 008 | 190216s9999||||xx |||||||||||||| ||und|| | ||
| 040 | _coclc | ||
| 082 |
_a823.9 _bMAU/C |
||
| 100 |
_aMaugham, W Somerset _94966 |
||
| 245 | 0 |
_aCreatures Of Circumstance / _cW Somerset Maugham ; Pauline Ellison |
|
| 260 |
_bHeron Books, _c1967. _aLondon |
||
| 300 | _a309p | ||
| 650 | _aEnglish Stories | ||
| 942 |
_cBK _2ddc _h823.9 _iMAU/C _k823.9 _mMAU/C |
||